| 000 | 01575nam a22004097a 4500 | ||
|---|---|---|---|
| 003 | CHAP | ||
| 005 | 20220817044310.0 | ||
| 008 | 091104s2009 mx r 00010 spa d | ||
| 010 | _a96998 | ||
| 011 | _a97970 | ||
| 035 | _a108645 | ||
| 040 | _cCHAP | ||
| 090 | _aTesis | ||
| 100 | 1 |
_aDelin Reynoso, Pablo Manuel _931683 |
|
| 245 | 1 | 0 |
_aControl químico del ácaro café (Oligonychus punicae Hirst.) del aguacate (Persea americana Mill.) enTancítaro, Michoacán _c/por Pablo Manuel Delin Reynoso |
| 260 |
_aChapingo, Méx. : _bEl autor, _c2009 |
||
| 300 |
_aix, 57 h. : _bcuadros, gráfs. , ilus. |
||
| 502 | _aTesis (Ing. Agr. Esp. en Fitotecnia) -- UACH. Departamento de Fitotecnia | ||
| 530 | _aTambién disponible en línea | ||
| 590 |
_aALEPH _b10 _c20130110 _lUCH01 _h1530 |
||
| 590 |
_aBATCH-UPD _b10 _c20130110 _lUCH01 _h1352 |
||
| 590 |
_aBATCH-UPD _b10 _c20130410 _lUCH01 _h0848 |
||
| 590 |
_aBATCH-UPD _b10 _c20130913 _lUCH01 _h2308 |
||
| 590 |
_aBATCH-UPD _b10 _c20140324 _lUCH01 _h1513 |
||
| 590 |
_aBATCH-UPD _b10 _c20141002 _lUCH01 _h0840 |
||
| 590 |
_aCONVERSION _b10 _c20130109 _lUCH01 _h1354 |
||
| 650 | 1 | 4 | _aÁcaros. |
| 650 | 1 | 4 |
_aAguacate _xMichoacán. _92535 |
| 650 | 1 | 4 |
_aAguacate _xPlagas. _92543 |
| 650 | 1 | 4 |
_aControl químico. _927604 |
| 650 | 1 | 4 |
_aOligonychus punicae. _983018 |
| 856 |
_3Finding aid _uhttp://10.13.5.2/tesis/108645.pdf _zTeclea aqui |
||
| 901 | _aBK | ||
| 942 | _cFOLL | ||
| 949 |
_aTesis _bBC _cTES _d33724002105306 _eTS1 _gDonaciØn _h49676 _i108645 _sb |
||
| 949 |
_aTesis _bBC _cTES _d33724002105347 _eTS2 _fc.2 _gdonaciØn _h49677 _i108645 _sb |
||
| 999 |
_c96998 _d96998 |
||